000 00363nam a22001577a 4500
005 20160426153529.0
008 160426b xxu||||| |||| 00| 0 eng d
020 _a0-07-463771-1
041 _aeng
082 _b00164
100 _aNagrath, IJ
_971
245 _aSignals and Systems
260 _aNew Delhi
_bTata MC Graw Hill,
_c2002
300 _a606
942 _cBK
999 _c45
_d45